000 00833nam a2200289 a 4500
001 75188
003 BD-RjUL
005 20211209082646.0
008 190130r19641960nyua b 000 0 eng
035 _a(BD-RjUL)75406
035 _a(OCoLC)1139327
040 _aDLC
_cDI
_dOCoLC
_dUk
_dDLC
_dBD-RjUL
_beng
041 _aeng
042 _apremarc
082 _a635.977
_bANF 1964
100 1 _aAnderson, Roger Fabian,
_d1914-
_9227504
245 1 0 _aForest and shade tree entomology /
_cRoger Fabian Anderson.
260 _aNew York :
_bWiley,
_c1960 [Printing 1964]
300 _a428 p.:
_billus.;
_c24 cm.
504 _aIncludes bibliography.
650 0 _aTrees
_xDiseases and pests.
_9227505
650 0 _aInsect pests.
_9227506
942 _2ddc
_cBK
999 _c75188
_d75188